Szeged és az idegenforgalom

Elmentve itt :
Bibliográfiai részletek
Szerző: Börcsök Vince
Dokumentumtípus: Cikk
Megjelent: 1967-05-05
Sorozat:Délmagyarország 57 No. 104
Kulcsszavak:Idegenforgalom Szeged 1967, 1965
Online Access:http://dmarchiv.bibl.u-szeged.hu/61541
LEADER 00468nab a2200157 i 4500
001 delm61541
005 20180927144529.0
008 180927s1967 hu o 0|| hun d
040 |a SZTE Délmagyarország Archívum  |b hun 
041 |a hun 
100 1 |a Börcsök Vince 
245 1 0 |a Szeged és az idegenforgalom  |h [elektronikus dokumentum] /  |c  Börcsök Vince 
260 |c 1967-05-05 
300 |a 5 
490 0 |a Délmagyarország  |v 57 No. 104 
695 |a Idegenforgalom Szeged 1967, 1965